000 00445nam a22001817a 4500
003 MPLRDC
005 20220104114204.0
008 210129b ||||| |||| 00| 0 eng d
020 _a7-5006-1225-7
082 _a782.874 QL-2
100 _a王云高、张俊彪 著
245 _a风流乾隆
_c
250 _a一版一刷
260 _a
_b中国青年出版社
_c1993
300 _b
650 _a乾隆传记
942 _cBK
_o782.874 QL-2
999 _c5528
_d5518